| 000 | 01411nam a2200337 a 4500 | ||
|---|---|---|---|
| 001 | ebr10722574 | ||
| 003 | CaPaEBR | ||
| 006 | m o u | ||
| 007 | cr cn||||||||| | ||
| 008 | 150303s2013 nju s 001 0 eng d | ||
| 020 | _z9781118555859 | ||
| 020 | _z9781118721810 (e-book) | ||
| 020 | _z9781118721865 (e-book) | ||
| 040 |
_aCaPaEBR _cCaPaEBR |
||
| 035 | _a(OCoLC)851154786 | ||
| 043 | _an-us--- | ||
| 050 | 1 | 4 |
_aKF6235 _b.W55 2013eb |
| 082 | 0 | 4 |
_a343.73/034 _223 |
| 245 | 0 | 0 |
_aWiley federal government auditing _h[electronic resource] : _blaws, regulations, standards, practices, & Sarbanes-Oxley / _cEdward f. Kearney ... [et al.]. |
| 250 | _a2nd ed. | ||
| 260 |
_aHoboken, N.J. : _bWiley, _cc2013. |
||
| 300 | _a1 online resource (ix, 420 p.) | ||
| 500 | _aIncludes index. | ||
| 533 |
_aElectronic reproduction. _bPalo Alto, Calif. : _cebrary, _d2015. _nAvailable via World Wide Web. _nAccess may be limited to ebrary affiliated libraries. |
||
| 588 | _aDescription based on online resource; title from title page (ebrary, viewed July 8, 2013). | ||
| 650 | 0 |
_aFinance, Public _xAuditing _xLaw and legislation _zUnited States. |
|
| 650 | 0 |
_aFinance, Public _zUnited States _xAuditing. |
|
| 655 | 7 |
_aElectronic books. _2local |
|
| 710 | 2 | _aebrary, Inc. | |
| 856 | 4 | 0 |
_uhttp://site.ebrary.com/lib/rucke/Doc?id=10722574 _zAn electronic book accessible through the World Wide Web; click to view |
| 999 |
_c39421 _d39421 |
||